书目信息 |
| 题名: |
明末清初的学风
|
|
| 作者: | 谢国桢 著 | |
| 分册: | ||
| 出版信息: | 上海 上海书店出版社 2006 |
|
| 页数: | 288页 | |
| 开本: | 23cm | |
| 丛书名: | 世纪人文系列丛书 | |
| 单 册: | ||
| 中图分类: | B248.05 , B2 | |
| 科图分类: | ||
| 主题词: | 学术思想--思想史--研究--中国--明清时代 , 学术思想 , 哲学--中国 | |
| 电子资源: | ||
| ISBN: | 7-80678-547-7 | |
| 000 | 00934oam2 2200289 450 | |
| 001 | 1157729919 | |
| 005 | 20110929160405.25 | |
| 010 | @a7-80678-547-7@dCNY25.00 | |
| 100 | @a20060104d2005 em y0chiy50 ea | |
| 101 | 0 | @achi |
| 102 | @aCN@b310000 | |
| 105 | @ay z 000yy | |
| 106 | @ar | |
| 200 | 1 | @a明末清初的学风@f谢国桢著@Aming mo qing chu de xue feng |
| 210 | @a上海@c上海书店出版社@d2006 | |
| 215 | @a288页@d23cm | |
| 225 | 2 | @a世纪人文系列丛书@i世纪文库 |
| 330 | @a本书收录了作者研究明清史的十二篇文章,包括:《清初东北流人考》、《记宣南诗会图卷》、《记明万历四十八年平价米票》等。 | |
| 462 | 0 | @1001002954936 |
| 606 | 0 | @a学术思想@x思想史@x研究@y中国@z明清时代 |
| 606 | 0 | @a学术思想 |
| 606 | 0 | @a哲学@x中国 |
| 690 | @aB248.05@v4 | |
| 690 | @aB2@v4 | |
| 701 | 0 | @a谢国桢@f(1901~1982)@4著@Axie guo zhen |
| 801 | 0 | @aCN@b大连网信软件有限公司图书馆·11@c20110929 |
| 905 | @a10447@dB2@eJY143 | |
| 明末清初的学风/谢国桢著.-上海:上海书店出版社,2006 |
| 288页;23cm .-(世纪人文系列丛书.世纪文库 ) |
| ISBN 7-80678-547-7:CNY25.00 |
| 本书收录了作者研究明清史的十二篇文章,包括:《清初东北流人考》、《记宣南诗会图卷》、《记明万历四十八年平价米票》等。 |
| ● |
| 相关链接 |
|
|
|
|
正题名:明末清初的学风
索取号:B2/JY143
 
预约/预借
| 序号 | 登录号 | 条形码 | 馆藏地/架位号 | 状态 | 备注 |
| 1 | 7824663 | 278246630 | 学院路分馆/ [索取号:B2/JY143] | 在馆 | |
| 2 | 7824664 | 278246649 | 学院路分馆/ [索取号:B2/JY143] | 在馆 |